Phrases usuelles: cours infériur
Guardat en:
| Format: | Llibre |
|---|---|
| Idioma: | francès espanyol |
| Publicat: |
Santiago
La Ilustración
1920
|
| Edició: | 2a. ed |
| Matèries: | |
| Etiquetes: |
Afegir etiqueta
Sense etiquetes, Sigues el primer a etiquetar aquest registre!
|
MARC
| LEADER | 00000nam a2200000 a 4500 | ||
|---|---|---|---|
| 001 | UCZ8686 | ||
| 003 | CL-VaPUC | ||
| 008 | 960125e19200000CL |||||||||||||||||fre|d | ||
| 041 | 0 | 7 | |a fre |2 CL-VaPUC |
| 041 | 0 | 7 | |a spa |2 CL-VaPUC |
| 082 | 0 | 4 | |a 372.65 |b PHR |2 21 |
| 245 | 1 | 0 | |a Phrases usuelles: cours infériur |
| 250 | |a 2a. ed | ||
| 300 | |a 72 p | ||
| 942 | |c BK | ||
| 945 | |d 19960125 00:00:00 |a cmena | ||
| 260 | |a Santiago |b La Ilustración |c 1920 | ||
| 650 | 7 | |a FRANCES |2 CL-VaPUC |9 259059 | |
| 650 | 0 | |a Educación lingüística |9 306506 | |
| 650 | 0 | |a Comunicación |9 257251 | |
| 650 | 7 | |a LENGUAS ROMANCES |2 CL-VaPUC |9 346632 | |
| 583 | |a last modification |c 19960125 00:00:00 |k Rodrigo Vera | ||
| 999 | |c 244536 |d 244534 | ||
| 952 | |0 0 |1 0 |4 0 |6 372_650000000000000_PHR_1920 |7 0 |8 P |9 258623 |a BIBEDU |b BIBEDU |c BIBEDU_PB |d 2019-11-19 |i 1620118 |o 372.65 PHR 1920 |p 1620118 |r 2024-01-25 |w 2019-11-19 |y BK |k EDU | ||